| Поле | Название | Значение |
| |
Тип записи |
a |
| |
Библиографический уровень |
m |
| 001 |
Контрольный номер |
a86ca6be462f49b3abc1ab90913e51db |
| 005 |
Дата корректировки |
20140623144442.3 |
| 200 |
Заглавие и сведения об ответственности |
1_ |
| a |
Заглавие |
Современный русский литературный язык и культура речи |
| e |
Сведения, относящиеся к заглавию |
Лекция |
| f |
Первые сведения об ответственности |
Центросоюз РФ. ОУ "МУПК".Каф.общих гуманитар.дисц. |
| 210 |
Выходные данные |
1_ |
| a |
Место издания |
М. |
| c |
Издательство |
МУПК |
| d |
Дата издания |
2003 |
| 215 |
Физическое описание |
__ |
| a |
Объем |
18 с. |
| 610 |
Ключевые слова |
0_ |
| a |
Ключевые слова |
русский язык |
| 610 |
Ключевые слова |
0_ |
| a |
Ключевые слова |
культура речи |
| 610 |
Ключевые слова |
0_ |
| a |
Ключевые слова |
каф. общих гуманитарных дисциплин |
| 610 |
Ключевые слова |
0_ |
| a |
Ключевые слова |
лекция |
| 610 |
Ключевые слова |
0_ |
| a |
Ключевые слова |
все спец. |
| 686 |
Индексы других классификаций |
__ |
| a |
Классификационный индекс |
81.411.2-923 |
| 2 |
Код системы |
rubbk |
| 700 |
Автор |
_1 |
| a |
Фамилия |
Чехомова Ольга Юниславовна |
| 801 |
Источник записи |
_0 |
| a |
Страна |
RU |
| b |
Организация |
РУК |
| c |
Дата составления |
20040402 |
| g |
Правила каталогизации |
PSBO |
| 801 |
Источник записи |
_1 |
| a |
Страна |
RU |
| b |
Организация |
РУК |
| c |
Дата составления |
20040402 |
| g |
Правила каталогизации |
PSBO |
| 852 |
Данные о местонахождении |
__ |
| i |
Авторский знак |
Ч-56 |
| j |
Шифр хранения |
ББК 81.411.2 |
| 901 |
Тип документа |
__ |
| t |
Тип документа |
m |
| 912 |
Принадлежность преподавателя к РУК |
__ |
| a |
Принадлежность преподавателя к РУК |
Преподаватель Головного вуза |
| 938 |
Служебная информация |
__ |
| a |
Название организации |
Головной вуз |
| b |
Имя БД |
BOOK |
| c |
Название АИБС |
АИБС ИРБИС |